000 00953nam a2200253Ia 4500
003 OSt
005 20220923211050.0
006 a|||||r|||| 00| 0
007 ta
008 220922b |||||||| |||| 00| 0 hin d
020 _a817675160X (hbk)
_c180
024 _a235,171
037 _b415, 28/02/2008, University Book House
_cTextual
040 _aARTS
_cARTS
_bhin
041 _2hin
_ahin
082 _a4,1xNMA, 152P6-;5
100 _aमंडलोई, लीलाधर
_9157817
245 0 _aइनसाइड लाइव
_b एक मीडियाकर्मी की डायरी
246 _aInasāiḍ lāiva: ek mīḍiyākarmī kī ḍāyarī
260 _aपंचकूला
_b आधार प्रकाशन
_c2006
300 _a160पृ.
_ccm.
942 _h4,1xNMA, 152P6-;5
_cTEXL
_2CC
999 _c294755
_d294755